Responses for show #4716 - Monday, February 21, 2005

2005 Ultimate Tournament of Champions Round 1, game 9.

Contestants

Lance Johnson, a model aircraft engine technician from Champaign, Illinois

Mark Eckard, an entrepreneur from Bedford, Massachusetts

Kermin Fleming, a junior at Carnegie Mellon University from Lexington, Kentucky

Jeopardy! Round responses

LITERARY TITLE PAIRS
NEW YORK ON FILM
AR"T"
IT'S A JOB
EASY FOR YOU TO SAY
WHY NOT?
    $200 1
Sons

Kermin
    $200 18
Taxi Driver

Lance
    $200 4
terra cotta

Lance
    $200 5
farmer

Mark
    $200 22
Iran

Kermin
    $200 13
a vacuum

Mark
    $400 2
Arms

Kermin
    $400 27
(Kermin: What is Sleepless In Seattle?)

When Harry Met Sally...

KerminMark
    $400 7
Toulouse-Lautrec

Kermin
    $400 9
cop

Lance
    $400 23
ultraviolet rays

Lance
    $400 17
(Mark: Um, they don't get wet?)
(Alex: No.)
(Mark: What is they don't get wet?)
(Alex: No.)

shrinkage

Mark
Triple Stumper
    $600 3
The Red

Mark
    $600 28
The Lords of Flatbush

Lance
    $1,000 14
Tintoretto

Mark
    $600 10
doctor

Kermin
    $600 24
Poland

Mark
    $600 19
(his mother's) milk

Kermin
    $800 6
Sir Gawain

Mark
    $800 29
Escape from New York

Lance
    $800 15
Titian

Kermin
    $800 11
(Mark: What is f... fix?)

engineer

Mark
Triple Stumper
    $800 25
the Aztec

Kermin
    $800 20
the trademark

Lance
    $1000 8
(Alex: From O. Henry, yes.)

Cabbages

Kermin
    $1000 30
On the Town

Mark
    $1000 16
Turner

Mark
    $1000 12
minister

Lance
    $1000 26
the Chinese Communist Party

Lance
    $1000 21
(Lance: What is Calais?)

Dunkirk

KerminLance

Scores at the first commercial break (after clue 14):

Kermin Mark Lance
$2,600 $2,000 $1,600

Scores at the end of the Jeopardy! Round:

Kermin Mark Lance
$5,600 $4,600 $4,400

Double Jeopardy! Round responses

MAMMALS
THE BORN IDENTITY
(Alex: In honor of the program celebrating its 25th anniversary, a category about...)
THIS OLD HOUSE
BEFORE & AFTER
"C.S.", I
MIAMI
    $400 1
groundhogs

Kermin
    $400 20
Stockard Channing

Mark
    $400 14
wallpaper

Lance
    $400 24
(Mark: Who is Huey Long?... Who is Huey Long?)

Huey Long John Silver

KerminMark
    $400 5
Casey Stengel

Mark
    $400 11
Biscayne

Mark
    $800 2
a chimpanzee

Lance
    $800 22
Cary Grant

Mark
    $800 17
the metal flashing

Triple Stumper
    $800 25
(Alex: Now you've got it!)

Kenny G. Gordon Liddy

Mark
    $800 6
Carl Sagan

Lance
    $800 12
the Cuban community

Lance
    $1200 3
the naked mole rat

Mark
    $1200 23
Ginger Rogers

Kermin
    $1200 18
a frame

Mark
    $1200 26
Crab Louis Armstrong

Kermin
    $1200 7
Chuck Schumer

Mark
    $1200 13
The Miami Herald

Kermin
    $1,800 4
bats

Mark
    $1600 28
(Mark: Who is... Ohhh, God...)

Michael Caine

MarkLance
    $1600 19
the rise (or the riser)

Kermin
    $1600 27
(Mark: [No response])

Ang Lee Greenwood

MarkLance
    $1600 8
Charles Schulz

Kermin
    $1600 15
a fronton

Mark
    $2000 9
orangutans

Lance
    $2000 29
Angie Dickinson

Triple Stumper
    $2000 21
(Alex: And that [Boston accent, imitating Roger Cook] arbor [normal voice] is a [*]. [Boston accent] A [*].)

pergola

Triple Stumper
    $2000 30
Fer-de-Lance Armstrong

Mark
    $2,000 10
Carl Sandburg

Lance
    $2000 16
Coral Gables

Kermin

Scores at the end of the Double Jeopardy! Round:

Kermin Mark Lance
$15,200 $12,800 $14,400

[wagering suggestions for these scores]

Final Jeopardy! Round responses

FOREIGN WORDS & PHRASES
(Alex: I figure I'm going to see some very interesting spelling on this response.)
MarkWhat is [Mah-Jong crossed out] Feng Shua
$12,800
LanceWhat is Tai Chi?
$4,000
KerminWhat is fortune telling
$13,601
feng shui

Final scores:

Kermin Mark Lance
$1,599 $25,600 $10,400
3rd place: $5,000 Winner: $25,600 + an advance to UToC Round 2 2nd place: $5,000

Game dynamics:

Coryat scores:

Kermin Mark Lance
$15,200 $12,200 $14,400
18 R,
1 W
20 R
(including 2 DDs),
5 W
17 R
(including 1 DD),
1 W

Combined Coryat: $41,800

The J! Archive is created by fans, for fans. The Jeopardy! game show and all elements thereof, including but not limited to copyright and trademark thereto, are the property of Jeopardy Productions, Inc. and are protected under law. This website is not affiliated with, sponsored by, or operated by Jeopardy Productions, Inc. Join the discussion at JBoard.tv.